| 000 | 01597cam a22003977a 4500 | ||
|---|---|---|---|
| 001 | 13816115 | ||
| 003 | Nust- CAS-E | ||
| 005 | 20180118181403.0 | ||
| 008 | 041215s2005 njua b 001 0 eng | ||
| 010 | _a 2004304895 | ||
| 015 |
_aGBA456195 _2bnb |
||
| 016 | 7 |
_a012962834 _2Uk |
|
| 020 | _a0471476528 | ||
| 035 | _a(OCoLC)ocm57486491 | ||
| 040 |
_aUKM _cUKM _dDLC |
||
| 042 |
_aukblsr _alccopycat |
||
| 050 | 0 | 0 |
_aTK1001 _b.K36 2005 |
| 082 | 0 | 4 |
_a621.312 _222 _bKAR 2005 |
| 100 | 1 | _aKarady, George G. | |
| 245 | 1 | 0 |
_aElectrical energy conversion and transport : _ban interactive computer-based approach / _cGeorge G. Karady, Keith E. Holbert. |
| 260 |
_aHoboken, N.J. : _bWiley, _c2005. |
||
| 300 |
_axvi, 696 p. : _bill. ; _c24 cm. |
||
| 440 | 0 | _aIEEE Press series on power engineering. | |
| 504 | _aIncludes bibliographical references and index. | ||
| 650 | 0 | _aElectric power transmission. | |
| 650 | 0 | _aElectric current converters. | |
| 650 | 0 |
_aElectric power production _xData processing. |
|
| 700 | 1 | _aHolbert, Keith E. | |
| 856 | 4 | 2 |
_3Contributor biographical information _uhttp://www.loc.gov/catdir/enhancements/fy0621/2004304895-b.html |
| 856 | 4 | 2 |
_3Publisher description _uhttp://www.loc.gov/catdir/enhancements/fy0621/2004304895-d.html |
| 856 | 4 | 1 |
_3Table of contents only _uhttp://www.loc.gov/catdir/enhancements/fy0621/2004304895-t.html |
| 906 |
_a7 _bcbc _ccopycat _d2 _encip _f20 _gy-gencatlg |
||
| 942 |
_2ddc _cBK |
||
| 999 |
_c355493 _d355493 |
||